[Event "XII Open"]
[Site "Balaguer ESP"]
[Date "2007.07.24"]
[Round "9"]
[White "Luther,T"]
[Black "Kohlweyer,B"]
[Result "1/2-1/2"]
[WhiteElo "2529"]
[BlackElo "2405"]

1.e4 c5 2.Nf3 Nc6 3.d4 cxd4 4.Nxd4 e6 5.Nb5 d6 6.Bf4 e5 7.Be3 a6 8.N5c3 Nf6
9.Be2 Be7 10.Nd5 Nxd5 11.exd5 Nb8 12.c4 O-O 13.Nc3 f5 14.f3 Bg5 15.Qd2 Bxe3
16.Qxe3 Nd7 17.O-O b6 18.b4 Rb8 19.Rac1 Kh8 20.f4 exf4 21.Qxf4 Qf6 22.Kh1 Kg8
23.Qd2 h6 24.Ne4 Qe5 25.Nf2 g5 26.Rfe1 Qg7 27.Bf1 Ne5 28.c5 bxc5 29.bxc5 dxc5
30.d6 Nd7 31.Bc4+ Kh8 32.Re6 Nb6 33.Re7 Nxc4 34.Rxc4 Qa1+ 35.Rc1 Rb1 36.Rxb1 Qxb1+
37.Nd1 Qb4 38.Qxb4 cxb4 39.d7 Bxd7 40.Rxd7 Rc8 41.h4 Rc2 42.Ne3 Rxa2 43.Rb7 gxh4
44.Nd5 Kg8 45.Rxb4 h3 46.gxh3 Kg7 47.Rb6 h5 48.Nf4 h4 49.Ng2 Ra3 50.Kh2 Ra4
51.Ne3 f4 52.Nf5+ Kf7 53.Nxh4 Ra2+ 54.Kg1 Ra1+ 55.Kf2 Ra2+ 56.Kf3 Ra3+ 57.Kg4 Rg3+
58.Kf5 Rxh3 59.Rb7+ Ke8 60.Ng6 f3 61.Ke6 Kd8 62.Rd7+ Kc8 63.Ne7+ Kb8 64.Nc6+ Kc8
65.Rf7 f2 66.Rxf2 Kc7 67.Kd5 Rd3+ 68.Nd4 Rd1 69.Rc2+ Kd7 70.Re2 a5 71.Ke5 a4
72.Rh2 Re1+ 73.Kd5 Rd1 74.Rh7+ Kd8 75.Ra7 a3 76.Ke5 a2 77.Rxa2 Kd7 78.Ra7+ Kc8
79.Ne6 Rd7 80.Ra1 Rd2 81.Rc1+ Kb7 82.Nf4 Kb6 83.Nd5+ Kb5 84.Kd6 Rh2 85.Rb1+ Kc4
86.Rb4+ Kd3 87.Ra4 Rh8 88.Nf4+ Ke3 89.Ke5 Re8+ 90.Ne6 Ke2 91.Ra3 Rh8 92.Ke4 Re8
93.Ra2+ Ke1 94.Kd5 Kf1 95.Nf4 Re7 96.Kd4 Re8 97.Kd3 Re7 98.Ng2 Re8 99.Ne3+ Kg1
100.Rg2+ Kh1 101.Rg7 Kh2 102.Ke2 Kh3 103.Kf3 Rf8+ 104.Ke4 Re8+ 105.Kf4 Rf8+
106.Nf5 Kh2 107.Ke4 Rf6 108.Rg5 Rf8 109.Kf3 Rf6 110.Ke3 Kh3 111.Kf3 Kh2 112.Ke2 Kh3
113.Kf2 Rf8 114.Rg3+ Kh2 115.Rf3 Ra8 116.Rf4 Ra2+ 117.Kf3 Ra8 118.Rh4+ Kg1
119.Rg4+ Kf1 120.Rd4 Ke1 121.Ng3 Ra3+ 122.Kf4 Rb3 123.Ne4 Ra3 124.Rd2 Ra4
125.Rh2 Kd1 126.Ke3 Ra3+ 127.Kd4  1/2-1/2

[Event "Siberia B"]
[Site "Novosibirsk RUS"]
[Date "2007.07.26"]
[Round "8"]
[White "Danilyuk,O"]
[Black "Dolgusheva,I"]
[Result "1-0"]
[WhiteElo "2075"]
[BlackElo "2050"]

1.e4 c5 2.Nf3 Nc6 3.d4 cxd4 4.Nxd4 e6 5.Nb5 d6 6.c4 Nf6 7.N1c3 a6 8.Na3 Be7
9.Be2 O-O 10.O-O b6 11.Be3 Ne5 12.Rc1 Bb7 13.f3 Rc8 14.Qb3 Ned7 15.Rfd1 Kh8
16.Rd2 Rg8 17.Qd1 g5 18.Qf1 Qc7 19.Rcd1 Rg6 20.Bd3 Ne5 21.Bc2 Rcg8 22.Bd4 Rh6
23.h3 Rhg6 24.Na4 Nfd7 25.Qf2 Nc5 26.b4 Nxa4 27.Bxa4 Qc8 28.Bxb6 Nxc4 29.Rc2 d5
30.Nxc4 dxc4 31.Rd7 Bxb4 32.Rxf7 e5 33.Bd7 Qb8 34.Bf5 R6g7 35.Rxg7 Rxg7 36.Rxc4 Bd6
37.Be3 h6 38.h4 Qg8 39.Rc2 Be7 40.hxg5 Bxg5 41.Bxg5 Rxg5 42.Rc7 Rg7 43.Rxg7 Qxg7
44.Qb6 Qg5 45.Qf2 Qf6 46.Qc5 Bc6 47.Qa7  1-0

[Event "Arximiro Penide Cedeira Mem"]
[Site "Arteixo ESP"]
[Date "2007.07.31"]
[Round "8"]
[White "Permuy Lorenzo,C"]
[Black "Archambault,S"]
[Result "1-0"]
[WhiteElo "2326"]
[BlackElo "1983"]

1.e4 c5 2.Ne2 Nc6 3.d4 cxd4 4.Nxd4 e6 5.Nb5 d6 6.c4 a6 7.N5c3 Nf6 8.Be2 Be7
9.O-O O-O 10.Be3 Ne8 11.Na4 Rb8 12.Bb6 Nc7 13.Nbc3 Bf6 14.Qd2 Qe7 15.Rfd1 Na8
16.Be3 Rd8 17.Nb6 Bxc3 18.Qxc3 Qc7 19.Qb3 Qe7 20.Nxa8 Rxa8 21.Bb6 Rd7 22.Rd2 a5
23.a4 Ra6 24.c5 dxc5 25.Rxd7 Qxd7 26.Bxa6 bxa6 27.Bxc5  1-0

[Event "FSGM August"]
[Site "Budapest HUN"]
[Date "2007.08.06"]
[Round "1"]
[White "Vajda,L"]
[Black "Fogarasi,T"]
[Result "1/2-1/2"]
[WhiteElo "2547"]
[BlackElo "2425"]

1.e4 c5 2.Nf3 e6 3.d4 cxd4 4.Nxd4 Nc6 5.Nb5 d6 6.c4 Nf6 7.N1c3 a6 8.Na3 Be7
9.Be2 O-O 10.O-O b6 11.Be3 Bb7 12.Qb3 Nd7 13.Rfd1 Nc5 14.Qc2 Bf6 15.Rac1 Be5
16.Nab1  1/2-1/2

[Event "Tsiolkovsky Mem"]
[Site "Kaluga RUS"]
[Date "2007.08.06"]
[Round "4"]
[White "Vorobjev,D"]
[Black "Shestoperov,A"]
[Result "0-1"]
[WhiteElo "2106"]
[BlackElo "2397"]

1.e4 c5 2.Nf3 e6 3.d4 cxd4 4.Nxd4 Nc6 5.Nb5 d6 6.c4 a6 7.N5a3 Nf6 8.Nc3 Be7
9.Be2 O-O 10.O-O b6 11.Be3 Bb7 12.f3 Ne5 13.Qd4 Ned7 14.Rfd1 Qc7 15.Rac1 Rac8
16.Kh1 Rfe8 17.Bg1 Bf8 18.Nc2 Qb8 19.Bf1 Ba8 20.b4 Qc7 21.Na1 Rb8 22.Nb3 Rec8
23.Qf2 g6 24.Qe3 h5 25.h3 Rd8 26.Bh2 Be7 27.c5 bxc5 28.bxc5 Qa7 29.Qe2 Nxc5
30.Nxc5 dxc5 31.Bxb8 Qxb8 32.Qxa6 Rf8 33.Nb5 Bxe4 34.Qa7 Qxa7 35.Nxa7 Bd5
36.Bc4 Ra8 37.Bxd5 exd5 38.Nc6 Bf8 39.Rc2 d4 40.Ne5 Nd5 41.Nc4 Nc3 42.Rxc3 dxc3
43.Rc1 Bg7 44.Rc2 Rb8 45.a3 Ra8 46.Ra2 Rb8 47.Rc2 Rb2 48.Rc1 Ra2 49.Kh2 h4
50.f4 Re2 51.Kg1 Bd4+ 52.Kh1 c2 53.a4 Bf2 54.Na3 Be3  0-1

[Event "12th WY U16 Ol"]
[Site "Singapore SIN"]
[Date "2007.08.06"]
[Round "2"]
[White "Tan Weiliang"]
[Black "Wong Shern Yang,J"]
[Result "1-0"]
[WhiteElo "1961"]
[BlackElo "1793"]

1.e4 c5 2.Nf3 e6 3.d4 cxd4 4.Nxd4 Nc6 5.Nb5 d6 6.c4 a6 7.N5a3 Nf6 8.Nc3 Be7
9.Be2 b6 10.Be3 O-O 11.O-O Bb7 12.Qb3 Nd7 13.Rfd1 Qc7 14.Rac1 Nc5 15.Qc2 Rac8
16.f3 Rfd8 17.Bf1 d5 18.exd5 Nb4 19.Qf2 exd5 20.cxd5 Bxd5 21.Nxd5 Nxd5 22.Rxd5 Rxd5
23.b4 Qb7 24.bxc5 Rcxc5 25.Bxc5 Bxc5 26.Rxc5 Rxc5 27.Qe2 h6 28.Nc4 b5 29.Qe8+ Kh7
30.Bd3+ g6 31.Ne5 Qa7 32.Kf1 Rc1+ 33.Ke2 Rc7 34.Nxg6 fxg6 35.Qxg6+ Kh8 36.Bf5 Re7+
37.Be6 Rxe6+ 38.Qxe6 Qg1 39.Qxh6+ Kg8 40.Qg6+ Kf8 41.h4 Qc1 42.Qf5+ Ke8 43.Qe5+ Kf7
44.Qf5+ Ke8 45.Qe6+ Kf8 46.Kf2 Qb2+ 47.Kg3 Qg7+ 48.Kh3 Qa1 49.g3 Qf1+ 50.Kg4 Qa1  1-0

[Event "Arctic Chess Challenge"]
[Site "Tromso NOR"]
[Date "2007.08.06"]
[Round "3"]
[White "Stubberud,O"]
[Black "Brasoy,A"]
[Result "1-0"]
[WhiteElo "2231"]
[BlackElo "1984"]

1.e4 c5 2.Nf3 e6 3.d4 cxd4 4.Nxd4 Nc6 5.Nb5 d6 6.c4 Nf6 7.N1c3 a6 8.Na3 Be7
9.Be2 O-O 10.Be3 b6 11.O-O Bb7 12.Rc1 Nd7 13.Qd2 Nc5 14.Rfd1 Qc7 15.f3 Rad8
16.Bf1 Rfe8 17.Qf2 Nb4 18.Nab1 Bf6 19.a3 Nc6 20.b4 Nd7 21.Nd5 exd5 22.cxd5 Ra8
23.Rc2 Bd8 24.dxc6 Bxc6 25.Rdc1 Ne5 26.b5 axb5 27.Bxb5  1-0

[Event "ch-Tula"]
[Site "Tula RUS"]
[Date "2007.08.10"]
[Round "8"]
[White "Aleshin,N"]
[Black "Chuiko,A"]
[Result "1/2-1/2"]
[WhiteElo "2254"]
[BlackElo "2452"]

1.e4 c5 2.Nf3 e6 3.d4 cxd4 4.Nxd4 Nc6 5.Nb5 d6 6.Bf4 e5 7.Be3 a6 8.N5c3 Nf6
9.Be2 Be7 10.O-O O-O 11.a4 Be6 12.Na3 Rb8 13.h3 d5 14.exd5 Nxd5 15.Nxd5 Bxd5
16.Nc4 b5 17.axb5 axb5 18.Na3 b4 19.Nc4 f5 20.Bb6 Qd7 21.Qd2 Bf6 22.Bc5 Rfd8
23.Rfd1 Qe6 24.Ne3 Nd4 25.Bxd4 exd4 26.Nxd5 Qxd5 27.Ra4 Qc5 28.b3 Kh8 29.Bd3 Re8
30.Qf4 g6 31.Bc4 Rb7 32.Ra6 Bg7 33.Qd6 Qxd6 34.Rxd6 Be5 35.Ra6 Kg7 36.Bd3 Ree7
37.Rda1 Bf4 38.Ra8 Rb8 39.Rxb8 Bxb8 40.Kf1 Bf4 41.Rd1 Bd6 42.Ra1 Kf6 43.Ra6 Ke6
44.Bc4+ Kd7 45.Bb5+ Ke6 46.Bc6 Bc5 47.Bb5+ Bd6 48.g3 g5 49.Ke2 h5 50.Kd3 Rc7
51.Bc4+ Ke7 52.Ra8 Be5 53.Rg8 g4 54.hxg4 hxg4 55.Rg6 Rb7 56.Rh6 Rd7  1/2-1/2

[Event "X Open"]
[Site "Banyoles ESP"]
[Date "2007.08.19"]
[Round "4"]
[White "Van Eijk,S"]
[Black "Pogorelov,R"]
[Result "1/2-1/2"]
[WhiteElo "2274"]
[BlackElo "2453"]

1.e4 c5 2.Nf3 Nc6 3.d4 cxd4 4.Nxd4 e6 5.Nb5 d6 6.Bf4 Ne5 7.N1c3 Be7 8.Qd4 a6
9.Nxd6+ Bxd6 10.Bxe5 Bxe5 11.Qxe5 Nf6 12.Rd1 Qb6 13.Qd4 Qxd4 14.Rxd4 e5 15.Rd1 Be6
16.Nd5 Bxd5 17.exd5 b5 18.g3 Ne4 19.Bg2 Nd6 20.O-O Rc8 21.c3 Kd8 22.Rfe1 Re8
23.Re2 Rc4 24.Rc2 e4 25.b3 Rc5 26.c4 bxc4 27.bxc4 Rxc4 28.Rxc4 Nxc4 29.Bf1 Nd6
30.Bxa6 Kd7 31.Rd4 Ra8 32.Bc4 Nxc4 33.Rxc4 Rxa2 34.Rxe4 Rd2 35.Re5 f6 36.Rh5 h6
37.Kg2 Kd6 38.Rh4 Kxd5 39.Rg4 g5 40.Ra4 Ke6 41.Ra7 Kf5 42.Rb7 h5 43.h3  1/2-1/2

[Event "Dato Arthur Tan Malaysian Op"]
[Site "Kuala Lumpur MAS"]
[Date "2007.08.21"]
[Round "4"]
[White "Nolte,R"]
[Black "Rahman,Zia"]
[Result "1/2-1/2"]
[WhiteElo "2396"]
[BlackElo "2522"]

1.e4 c5 2.Nf3 e6 3.d4 cxd4 4.Nxd4 Nc6 5.Nb5 d6 6.c4 Nf6 7.N1c3 a6 8.Na3 Be7
9.Be2 O-O 10.O-O b6 11.Be3 Bb7 12.Rc1 Ne5 13.f3 Qc7 14.Qb3 Ned7 15.Rfd1 Rac8
16.Kh1 Rfe8 17.Nab1 h5 18.Bf1 h4 19.Nd2 Nc5 20.Qc2 d5 21.b4 Ncd7 22.Qb3 dxe4
23.Ndxe4 Nxe4 24.Nxe4 h3 25.g3 Ne5 26.Bf4 Bxe4 27.fxe4 Qc6 28.Re1 Ng4 29.Qf3 f5
30.Bxh3 Bxb4 31.Rf1 Bc5 32.Rce1 Bb4 33.Rc1 Bc5  1/2-1/2

[Event "16th VR Bank Open"]
[Site "Apolda GER"]
[Date "2007.08.25"]
[Round "4"]
[White "Brueggemann,Jo"]
[Black "Zwahr,P"]
[Result "0-1"]
[WhiteElo "2335"]
[BlackElo "2250"]

1.e4 c5 2.Nf3 e6 3.d4 cxd4 4.Nxd4 Nc6 5.Nb5 d6 6.c4 Nf6 7.N1c3 a6 8.Na3 Be7
9.Be2 O-O 10.O-O b6 11.Be3 Bb7 12.Qb3 Nd7 13.Rad1 Qc7 14.Na4 Bd8 15.Rd2 Nc5
16.Nxc5 bxc5 17.Rfd1 Be7 18.Nb1 Rfd8 19.Nc3 Bf6 20.Bf4 Nd4 21.Qa3 Rab8 22.Bd3 Bc6
23.b3 Nxb3 24.axb3 Bxc3 25.Re2 Qb7 26.Bc2 Bd4 27.Rxd4 cxd4 28.Bxd6 d3 29.Bxd3 Qxb3
30.Qxb3 Rxb3 31.Bc2 Rc3  0-1

[Event "TCh-ROU Superliga"]
[Site "Predeal ROU"]
[Date "2007.10.13"]
[Round "1"]
[White "Burnoiu,N1"]
[Black "Filip,L"]
[Result "1/2-1/2"]
[WhiteElo "2385"]
[BlackElo "2432"]

1.e4 c5 2.Nf3 e6 3.d4 cxd4 4.Nxd4 Nc6 5.Nb5 d6 6.Bf4 e5 7.Be3 a6 8.N5c3 Nf6
9.Bg5 Be7 10.Bxf6 Bxf6 11.Bc4 O-O 12.O-O Bg5 13.Nd5 Kh8 14.Nbc3 g6 15.a4 Be6
16.Ba2 Rc8 17.Kh1 Bh6 18.Ne2 Qh4 19.f3 Rcd8 20.Qe1 Qh5 21.Qc3 Bg7 22.Qd2 Bh6
23.Qc3 Bg7 24.Qd2 Bh6 25.Qc3 Bg7  1/2-1/2

[Event "3rd Arctic Cup"]
[Site "Salekhard RUS"]
[Date "2007.10.14"]
[Round "7"]
[White "Sosovicka,M"]
[Black "Sanzhaev,D"]
[Result "0-1"]
[WhiteElo "1899"]
[BlackElo "2015"]

1.e4 c5 2.Nf3 e6 3.d4 cxd4 4.Nxd4 Nc6 5.Nb5 d6 6.Bf4 e5 7.Bg5 Qxg5 8.Nc7+ Kd8
9.Nxa8 b6 10.Nc3 Bb7 11.Nb5 Bxa8 12.Nxd6 Ke7 13.Nf5+ Ke8 14.h4 Qd8 15.Qxd8+ Nxd8
16.O-O-O Bc6 17.Rh3 g6 18.Rhd3 Nb7 19.Rc3 Bc5 20.b4 gxf5 21.bxc5 Nxc5 22.exf5 Ne7
23.Rd6 Bd7 24.Re3 e4 25.Re1 Nxf5 26.Rd5 Be6 27.Bb5+ Ke7 28.Rd2 Nd6 29.Bc6 Rc8
30.Rxd6 Kxd6 31.Bxe4 f5  0-1

[Event "TCh-ROU Superliga"]
[Site "Predeal ROU"]
[Date "2007.10.16"]
[Round "4"]
[White "Lupulescu,C"]
[Black "Filip,L"]
[Result "1/2-1/2"]
[WhiteElo "2562"]
[BlackElo "2432"]

1.e4 c5 2.Nf3 e6 3.d4 cxd4 4.Nxd4 Nc6 5.Nb5 d6 6.c4 Nf6 7.N1c3 a6 8.Na3 Be7
9.Be2 b6 10.O-O Bb7 11.Be3 O-O 12.f3 Ne5 13.Qb3 Nfd7 14.Kh1 Rb8 15.Rac1 Ba8
16.Qd1 Re8 17.Qd2 Ng6 18.Rfd1 Bb7 19.Nc2 Rc8 20.Bf1 Qc7 21.Nd4 Qb8 22.b3 Ba8
23.a4 Bb7 24.Ra1 Bd8 25.Bg1 Nf6 26.Nc2 Bc7 27.Ne3 Rcd8 28.b4 Ne7 29.Qa2 Qa8
30.Rd2 Rd7 31.Rad1 Red8 32.Qc2 Nc6 33.Qb2 Ne7 34.Bf2 Ng6 35.Rb1 Rb8 36.Qa3 Bc8
37.Rbd1 Re7 38.Bg3 Ne8 39.Nc2 Bb7 40.Nd4 h5 41.h3 h4 42.Bh2 Rd8 43.Nb3 Qc8  1/2-1/2

[Event "TCh-BEL 2007-8"]
[Site "Belgium BEL"]
[Date "2007.10.21"]
[Round "2"]
[White "Michiels,B"]
[Black "Horvath,Ad1"]
[Result "1-0"]
[WhiteElo "2437"]
[BlackElo "2501"]

1.e4 c5 2.Nf3 e6 3.d4 cxd4 4.Nxd4 Nc6 5.Nb5 d6 6.c4 a6 7.N5c3 Nf6 8.Be2 Be7
9.O-O b6 10.Be3 O-O 11.Na3 Bb7 12.Qd2 Ne5 13.f3 Rc8 14.Rfd1 Re8 15.Rac1 Qc7
16.Bf1 Ned7 17.Kh1 Qb8 18.Nc2 Bd8 19.Qxd6 Bc7 20.Qd2 Bxh2 21.g4 Be5 22.g5 Nh5
23.Qxd7 Rcd8 24.Qa4 Ng3+ 25.Kg1 Bxc3 26.bxc3 Nxe4 27.Ne1 Qg3+ 28.Bg2 Nxg5
29.Rxd8 Rxd8 30.Rd1 Rf8 31.Bxg5 Qxg5 32.Qd7 Ba8 33.Qc7 b5 34.Kf1 h5 35.Qb6 h4
36.Qxa6 bxc4 37.Qxc4 Bd5 38.Qg4 Qf6 39.c4 Bb7 40.Qd4 e5 41.Qc3 Rc8 42.c5 Qf5
43.Qb4 Ba6+ 44.Kf2 Qg5 45.Qg4 Qe7 46.Rd6 Qc7 47.Qb4 Bc4 48.Bh3 Qxc5+ 49.Qxc5 Rxc5
50.a4 Kf8 51.Rd1 Ke7 52.Ra1 Ra5 53.Bf1 Bxf1 54.Kxf1 Kd6 55.Ng2 e4 56.Ne3 Kc5
57.f4 Kd4 58.Ra3 f5 59.Kg2 g5 60.fxg5 f4 61.Nc2+ Kc4 62.Kh3 Rxg5 63.a5 Rg7
64.a6 Ra7 65.Kxh4 Kb5 66.Nd4+ Kb6 67.Kg4 Rxa6 68.Rc3 Ra4 69.Ne6 e3 70.Nxf4 e2
71.Re3 Kc5 72.Rxe2  1-0

[Event "7th Rohde Open"]
[Site "Sautron FRA"]
[Date "2007.10.27"]
[Round "1"]
[White "Sandu,Mi"]
[Black "Potkin,V"]
[Result "0-1"]
[WhiteElo "2266"]
[BlackElo "2612"]

1.e4 c5 2.Nf3 e6 3.d4 cxd4 4.Nxd4 Nc6 5.Nb5 d6 6.c4 Nf6 7.N1c3 a6 8.Na3 Be7
9.Be2 O-O 10.O-O b6 11.f4 Bb7 12.Bf3 Rc8 13.Be3 Re8 14.Qe2 e5 15.Qf2 Nd4
16.Rad1 Nxf3+ 17.Qxf3 exf4 18.Bxf4 Qc7 19.Kh1 Bf8 20.Nd5 Nxd5 21.exd5 Qd7
22.Qd3 g6 23.b3 f5 24.Rfe1 Qg7 25.Nc2 Qb2 26.Nd4 Rxe1+ 27.Rxe1 Re8 28.Rg1 Qf2
29.Bg3 Re3 30.Bxf2 Rxd3 31.Nf3 b5 32.Rc1 Bh6 33.Rb1 Rc3 34.Kg1 Kf7 35.Kf1 bxc4
36.bxc4 Bc8 37.Bd4 Rxc4 38.Rb6 Bf8 39.Ke2 Be7 40.Kd3 Ra4 41.Bb2 Rxa2 42.Rb8 Bd7
43.Rb7 Bc8 44.Rb8 f4 45.Kc4 Bg4 46.Nd4 Ra5 47.h3 Rc5+ 48.Kd3 Bf5+ 49.Ke2 Be4
50.Ne6 Rxd5  0-1

[Event "Open"]
[Site "Liberec CZE"]
[Date "2007.11.12"]
[Round "3"]
[White "Bindrich,O"]
[Black "Porschberg,T"]
[Result "1/2-1/2"]
[WhiteElo "2200"]
[BlackElo "2022"]

1.e4 c5 2.Nf3 e6 3.d4 cxd4 4.Nxd4 Nc6 5.Nb5 d6 6.c4 Nf6 7.N1c3 a6 8.Na3 Be7
9.Be2 O-O 10.O-O b6 11.Be3 Ne5 12.f4 Ned7 13.Bf3 Bb7 14.Qe2 Qc7 15.Rac1 Rac8
16.Kh1 Rfe8 17.Bf2 Nf8 18.Bg3 N6d7 19.Qd2 Ng6 20.Rfd1 Red8 21.Nc2 Qxc4 22.Ne3 Qb4
23.a3 Qa5 24.Qe2 b5 25.Bg4 Nf6 26.Bf3 Ne8 27.f5 Ne5 28.Bxe5 dxe5 29.fxe6 fxe6
30.Bg4 Qb6 31.Rf1 Nf6 32.Bf3 Rd4 33.Ng4 Qd6 34.Nxf6+ Bxf6 35.Bh5 Rf8 36.Rc2  1/2-1/2

[Event "20th Belgrade Trophy"]
[Site "Belgrade SRB"]
[Date "2007.11.22"]
[Round "1"]
[White "Radovic,G"]
[Black "Bozic,Mila"]
[Result "0-1"]
[WhiteElo "2090"]
[BlackElo "2435"]

1.e4 c5 2.Nf3 e6 3.d4 cxd4 4.Nxd4 Nc6 5.Nb5 d6 6.c4 Nf6 7.N1c3 a6 8.Nd4 Qc7
9.Nf3 Be7 10.Be2 O-O 11.O-O Ne5 12.Nxe5 dxe5 13.Bg5 h6 14.Bxf6 Bxf6 15.b4 Rd8
16.Qb3 Rd4 17.Rad1 b6 18.f3 Bd7 19.Bd3 Rd8 20.Ne2 Rd6 21.Bc2 Rc6 22.Bd3 Be8
23.a4 a5 24.bxa5 bxa5 25.Rb1 Qa7+ 26.Kh1 Qe3 27.Nc1 Be7 28.Rd1 Bc5 29.Qc2 Rcd6
30.Qb3 Rb6 31.Qc2 Rxb1 32.Qxb1 Bxa4 33.Rf1 Bc6 34.Qc2 a4 35.Rd1 a3 36.Qe2 Rb8
37.Qxe3 Bxe3 38.Na2 Rb2 39.Bb1 Ba4 40.Re1 Bd2  0-1

[Event "WYb18"]
[Site "Kemer TUR"]
[Date "2007.11.22"]
[Round "5"]
[White "MacQueen,C"]
[Black "Schiendorfer,E"]
[Result "0-1"]
[WhiteElo "1949"]
[BlackElo "2163"]

1.e4 c5 2.Nf3 e6 3.d4 cxd4 4.Nxd4 Nc6 5.Nb5 d6 6.c4 Nf6 7.N1c3 a6 8.Na3 Be7
9.Be2 O-O 10.O-O Qc7 11.Be3 Ne5 12.Rc1 Bd7 13.f4 Ng6 14.g4 Bc6 15.Bf3 Nd7
16.Nd5 Qd8 17.Nxe7+ Qxe7 18.Nc2 Nc5 19.Bxc5 dxc5 20.e5 Rad8 21.Qe2 Nxf4 22.Qe3 Bxf3
23.Qxf3 Nd3 24.Rcd1 Nxe5 25.Qe4 Nc6 26.Ne3 Rxd1 27.Rxd1 Rd8 28.Rd3 Rxd3 29.Qxd3 h6
30.Nd1 Nd4 31.b4 b6 32.h3 h5 33.Qe4 hxg4 34.hxg4 Qd8 35.bxc5 bxc5 36.Nc3 g6
37.Qe3 Qf6 38.Na4 Qh4  0-1

[Event "TCh-HUN 2007-8"]
[Site "Budapest HUN"]
[Date "2007.11.25"]
[Round "3"]
[White "Papp,Ge"]
[Black "Medvegy,N"]
[Result "1/2-1/2"]
[WhiteElo "2414"]
[BlackElo "2369"]

1.e4 c5 2.Nf3 e6 3.d4 cxd4 4.Nxd4 Nc6 5.Nb5 d6 6.Bf4 e5 7.Be3 a6 8.N5a3 Nf6
9.Nc3 Rb8 10.Nd5 Nxd5 11.exd5 Ne7 12.c3 Nf5 13.Bd2 Be7 14.Qb3 O-O 15.Bxa6 Bg5
16.O-O-O e4 17.Nc2 Nh4 18.Bf1 Bg4 19.Bxg5 Qxg5+ 20.Rd2 f5 21.Qb4 Qh6  1/2-1/2

[Event "WYb18"]
[Site "Kemer TUR"]
[Date "2007.11.25"]
[Round "8"]
[White "Delorme,Ax"]
[Black "Melkumyan,H"]
[Result "0-1"]
[WhiteElo "2328"]
[BlackElo "2469"]

1.e4 c5 2.Nf3 e6 3.d4 cxd4 4.Nxd4 Nc6 5.Nb5 d6 6.c4 Nf6 7.N1c3 a6 8.Nd4 Be7
9.Be2 O-O 10.O-O Qc7 11.Be3 Bd7 12.Rc1 Nxd4 13.Bxd4 Rac8 14.b4 Qb8 15.Qb3 b5
16.f3 Rc7 17.a4 bxa4 18.Nxa4 Rb7 19.Rb1 Rc8 20.b5 d5 21.b6 dxe4 22.c5 Bxa4
23.Qxa4 Bxc5 24.Bxa6 Rxb6 25.Rxb6 Qxb6 26.Bxc8 Bxd4+ 27.Kh1 exf3 28.gxf3 g6
29.Qa8 Kg7 30.Qb7 Qd6 31.Rd1 e5 32.Bh3 Nh5 33.Qd7 Qb6 34.Bf1 Qb2 35.Bc4 Nf4
36.Qg4 Qc2  0-1

[Event "FSGM December"]
[Site "Budapest HUN"]
[Date "2007.12.08"]
[Round "8"]
[White "Pesotsky,V"]
[Black "Bui Vinh"]
[Result "0-1"]
[WhiteElo "2384"]
[BlackElo "2461"]

1.e4 c5 2.Nf3 e6 3.d4 cxd4 4.Nxd4 Nc6 5.Nb5 d6 6.c4 Nf6 7.N1c3 a6 8.Nd4 Be7
9.Be2 Qc7 10.Be3 Ne5 11.Rc1 O-O 12.O-O Ned7 13.f3 b6 14.b4 Bb7 15.Qb3 Rac8
16.Rfd1 Qb8 17.Kh1 Rfe8 18.a3 Bf8 19.Bf1 g6 20.Nde2 h5 21.Bf4 Ne5 22.Ng1 Nfd7
23.Nh3 Rc7 24.Na4 Bc6 25.b5 axb5 26.cxb5 Ba8 27.Rxc7 Qxc7 28.Rc1 Qa7 29.Bc4 d5
30.exd5 exd5 31.Bf1 Bg7 32.Be3 Nc4 33.Rxc4 dxc4 34.Bxc4 Ne5 35.Nxb6 Nxc4
36.Nxc4 Qe7 37.Bg1 Bd5 38.Nf4 Bxc4 39.Qxc4 Qxa3 40.b6 Qb2 41.Nxg6 Re1 42.Qc8+ Kh7
43.Nf8+ Kh6 44.Qc6+ Qf6 45.Qc2 Rxg1+ 46.Kxg1 Qxb6+ 47.Kf1 Bxf8 48.g3 Bg7
49.Qd2+ Kh7 50.Qd3+ Qg6 51.Qb5 Bf6 52.Kg2 Qc2+ 53.Kh3 Kg6 54.Qe8 Qf5+ 55.Kg2 Kg7
56.Qa4 Qd3 57.Qe8 Qd2+ 58.Kh3 Qd3 59.Kg2 Bd4 60.Qe1 Kg6 61.Qe8 Kg7 62.Qe1 Qe3
63.Qd1 Bf6 64.Kh3 Qe6+ 65.Kg2 h4 66.gxh4 Bxh4 67.Qd3 Qg6+ 68.Qxg6+ Kxg6 69.Kh3 Kh5
70.Kg2 Kg5 71.Kh3 Be1 72.Kg2 Kf4 73.Kf1 Bh4 74.Kg2 f5 75.Kh3 Bf2 76.Kg2 Ke3
77.Kh3 Bg1 78.Kg2 Bxh2 79.Kxh2 Kxf3 80.Kg1  0-1

[Event "Parsvnath ch-Commonwealth"]
[Site "New Delhi IND"]
[Date "2007.12.09"]
[Round "9"]
[White "Mari Arul,S"]
[Black "Fenil,S"]
[Result "1/2-1/2"]
[WhiteElo "2285"]
[BlackElo "2124"]

1.e4 c5 2.Nf3 e6 3.d4 cxd4 4.Nxd4 Nc6 5.Nb5 d6 6.c4 Nf6 7.N1c3 a6 8.Na3 b6
9.Be2 Bb7 10.O-O Be7 11.Be3 O-O 12.Qb3 Nd7 13.Rfd1 Nc5 14.Qc2 Bf6 15.f3 Be5
16.Qd2 Qh4 17.g3 Qf6 18.Rac1 h6 19.Nab1 Qg6 20.Bf1 Rad8 21.Bg2 Nb4 22.Qe2 Bf6
23.a3 Nc6 24.Qc2 Ne5 25.Ne2 b5 26.Nf4 Qh7 27.cxb5 axb5 28.Bxc5 dxc5 29.Qxc5 Bc6
30.Nh5 Qg6 31.Nxf6+ Qxf6 32.Qc3 g5 33.b3 Rc8 34.Qe3 Ng6 35.Rc5 Rfd8 36.Rdc1 Bd7
37.Rxc8 Bxc8 38.Nc3 Bd7 39.Ne2 Qe7 40.Qc5 Qxc5+ 41.Rxc5 Ra8  1/2-1/2

[Event "ASEAN Masters Circuit WIM"]
[Site "Tarakan INA"]
[Date "2008.01.12"]
[Round "5"]
[White "Handayani,T"]
[Black "Bernales,C"]
[Result "0-1"]
[WhiteElo "2036"]
[BlackElo "1933"]

1.e4 c5 2.Nf3 e6 3.d4 cxd4 4.Nxd4 Nc6 5.Nb5 d6 6.N1c3 a6 7.Nd4 Nf6 8.Be2 Be7
9.O-O O-O 10.Kh1 Bd7 11.f4 b5 12.Bf3 Rc8 13.Be3 Qc7 14.Nxc6 Bxc6 15.a3 Rfd8
16.Qe1 Qb7 17.Bg1 a5 18.e5 Bxf3 19.Rxf3 dxe5 20.fxe5 Nd7 21.Qe2 b4 22.axb4 axb4
23.Ra7 Qc6 24.Na4 Qxc2 25.Qf1 Qg6 26.Nb6 Nxb6 27.Rxe7 Rd7 28.Rxd7 Nxd7 29.Qb5 Nf8
30.Qxb4 Rc2 31.Rg3 Qf5 32.Qd4 h5 33.b4 Rc1 34.b5 Qb1 35.b6 Nd7 36.Ra3 Qxb6
37.Qxb6 Nxb6 38.Ra5 Nd5 39.Ra8+ Kh7 40.g3 Re1 41.Kg2 Rxe5 42.Ra7 Kg6 43.Ra4 Nc3
44.Rc4 Nd5 45.Kf3 Re1 46.Ba7 Kf5 47.h3 g5 48.g4+ hxg4+ 49.hxg4+ Kg6 50.Ra4 Rf1+
51.Bf2 f5 52.Rd4 Nf4 53.gxf5+ exf5 54.Rd6+ Kh5 55.Kg3 Ng6 56.Kg2 Rb1 57.Rd2 f4
58.Rc2 Nh4+ 59.Kh2 Nf3+ 60.Kg2 Ne1+ 61.Bxe1 Rxe1 62.Rc3 Kg4 63.Kf2 Ra1 64.Rc2 Ra5
65.Rb2 Kf5 66.Rd2 g4 67.Rb2 g3+ 68.Kf3 Ra3+ 69.Kg2 Kg4 70.Rb4 Ra2+ 71.Kf1 Rf2+
72.Kg1 Rc2 73.Ra4 Kh3 74.Ra1 f3  0-1

[Event "6th Parsvnath Open"]
[Site "New Delhi IND"]
[Date "2008.01.13"]
[Round "2"]
[White "Dave,K"]
[Black "Ganguly,S"]
[Result "0-1"]
[WhiteElo "2164"]
[BlackElo "2579"]

1.e4 c5 2.Nf3 e6 3.d4 cxd4 4.Nxd4 Nc6 5.Nb5 d6 6.c4 Nf6 7.Bg5 a6 8.N5c3 Be7
9.Be3 Qc7 10.Be2 b6 11.O-O Ne5 12.Nd2 Bb7 13.Rc1 Rc8 14.f4 Ned7 15.Bf3 O-O
16.Qe2 Rfe8 17.Kh1 Bd8 18.g4 Nf8 19.g5 N6d7 20.Rcd1 Qb8 21.Bg2 Qa8 22.a4 Ng6
23.Qg4 Nc5 24.Qg3 f5 25.Bxc5 Rxc5 26.exf5 Bxg2+ 27.Qxg2 Qxg2+ 28.Kxg2 Rxf5
29.Kg3 Ref8 30.h4 Nxf4 31.Nf3 Bc7 32.Rde1 d5 33.Kg4 Nd3 34.Re3 dxc4 35.Ne2 Ne5+  0-1

[Event "6th Parsvnath Open"]
[Site "New Delhi IND"]
[Date "2008.01.14"]
[Round "3"]
[White "Sharma,Ha"]
[Black "Himanshu,Sh"]
[Result "0-1"]
[WhiteElo "2106"]
[BlackElo "2398"]

1.e4 c5 2.Nf3 e6 3.d4 cxd4 4.Nxd4 Nc6 5.Nb5 d6 6.Bf4 e5 7.Be3 Nf6 8.Bc4 Be7
9.f3 O-O 10.Qd2 Na5 11.Bb3 a6 12.N5c3 Nxb3 13.axb3 Be6 14.Bg5 Nh5 15.Bxe7 Qxe7
16.O-O Rac8 17.Rd1 Rfd8 18.Kh1 Nf6 19.f4 h6 20.f5 Bd7 21.Qe2 Bc6 22.Nd2 d5
23.exd5 Nxd5 24.Nc4 Nf4 25.Rxd8+ Rxd8 26.Qe3 Nxg2 27.Qg3 Ne3+ 28.Kg1 Nxf5
29.Qg4 Qc5+ 30.Kf1 Rd4 31.Qxf5 Rf4+  0-1

[Event "6th Parsvnath Open"]
[Site "New Delhi IND"]
[Date "2008.01.16"]
[Round "6"]
[White "Badri,N"]
[Black "Zakurdjaeva,I"]
[Result "1-0"]
[WhiteElo "2161"]
[BlackElo "2332"]

1.e4 c5 2.Nf3 e6 3.d4 cxd4 4.Nxd4 Nc6 5.Nb5 d6 6.Bf4 e5 7.Be3 Nf6 8.Bg5 a6
9.Bxf6 gxf6 10.N5c3 f5 11.exf5 Bxf5 12.Nd5 Bg7 13.Na3 O-O 14.Nc4 b5 15.Nce3 Be6
16.c3 f5 17.f4 Ne7 18.g3 Nxd5 19.Nxd5 Rc8 20.Bg2 e4 21.Qd2 Rc5 22.Ne3 Qb6
23.Rd1 Bxa2 24.Qxd6 Rc6 25.Qd2 Bb3 26.Ke2 b4 27.c4 Bf6 28.Qd5+ Kh8 29.Qxf5 Rxc4
30.Bxe4 Rxe4 31.Qxe4 Qb5+ 32.Kf2 Bxd1 33.Rxd1 Re8 34.Qd5 Qb6 35.Rd3 Bxb2
36.Qf7 Qg6 37.Qd5 a5 38.Nc4 Rf8 39.f5 Qh6 40.h4 Qc1 41.Re3 Qc2+ 42.Kf3 Rc8
43.Nd6 Rf8 44.Ne4 Bg7 45.Kg4 Qc1 46.Rf3 Qh1 47.Ng5 Bf6 48.Qd6 Bg7 49.f6 Bh6
50.Qe7  1-0

[Event "ASEAN Masters Circuit GMA"]
[Site "Tarakan INA"]
[Date "2008.01.18"]
[Round "10"]
[White "Megaranto,S"]
[Black "Nouri,H"]
[Result "1-0"]
[WhiteElo "2563"]
[BlackElo "2404"]

1.e4 c5 2.Nf3 e6 3.d4 cxd4 4.Nxd4 Nc6 5.Nb5 d6 6.c4 a6 7.N5c3 g6 8.Be2 Bg7
9.Be3 Nge7 10.O-O e5 11.Na3 Nd4 12.Qd2 O-O 13.Bd3 Nec6 14.Nd5 Be6 15.Rab1 a5
16.Bg5 f6 17.Be3 f5 18.Bg5 Qb8 19.Nb5 Nxb5 20.cxb5 Bxd5 21.exd5 Nd4 22.b6 h6
23.Bxh6 Qd8 24.Rfc1 Qxb6 25.Rc3 Rf7 26.Rbc1 Raf8 27.Rc8 Rxc8 28.Rxc8+ Rf8
29.Rc4 Rf7 30.Qg5 Kh7 31.Bxg7 Kxg7 32.h4 Kh7 33.h5 Rg7 34.hxg6+ Rxg6 35.Bxf5 Nxf5
36.Qxf5 Qd8 37.Rg4 Qf6 38.Qxg6+ Qxg6 39.Rxg6 Kxg6 40.f3 Kf5 41.Kf2 e4 42.a4 Ke5
43.Ke3 exf3 44.Kxf3 Kxd5 45.Kf4 Ke6 46.Ke4  1-0